1695 1764 1802 1177 1386 1217 1135 1447 1436 1685 1348 1627 1669 1439 1515 1186 1449 1276 1990 1419 1746 1178 1487 1202 1752 1642 1677 1323 1349 1789 1166 1073 1926 1867 1804 1290 1922 1431 1094 1332 1521 1947 1243 1543 1032 1456 1307 1814 1880 1148 1966 1232 1909 1296 1298 1849 1603 1016 1065 1438 1892 1296 1424 1432 1791 1986 1020 1645 1883 1931 1570 2000 1575 1017 1574 1739 1349 1664 1146 1076 1677 1694 1281 1626 1279 1344 1336 1021 1358 1552 1494 1398 1326 1617 1158 1409 1756 1533 1441 BCNSPRNW ULIB Ver.6.0+V

เปลี่ยนเป็นภาษาไทย

Change to English
 แสดงรายละเอียดบรรณานุกรม
  กลับหน้าหลัก

Brief Record : Get Marc (ISO 2709) : E-mail record : QR code < ปิดหน้าต่าง
LEADER : 00000nam 2200000uu 4500
001    13399123651
003     ULIB
008    141031s2553||||th 000 0 tha d
020    ^a9789748377308(ล.2)
060 04 ^aWY100^bว585ค ล.2
245 00 ^aคู่มือการวางแผนการพยาบาลโดยใช้กระบวนการพยาบาล.^nเล่มที่ 2/^cโดย คณะกรรมการพัฒนาการวางแผนการพยาบาลโดยใช้กระบวนการพยาบาล วิทยาลัยพยาบาลกองทัพบก
250    ^aพิมพ์ครั้งที่ 3
260    ^aกรุงเทพฯ :^bวิทยาลัยพยาบาล...,^c2553
300    ^a230 หน้า ;^c30 ซม.
650  7 ^aการพยาบาล
650  7 ^aการวางแผนการพยาบาล
710 2  ^aวิทยาลัยพยาบาลกองทัพบก.^bคณะกรรมการพัฒนาการวางแผนการพยาบาลโดยใช้กระบวนการพยาบาล
945    ^p300^l0^i21666
945    ^p300^l0^i21667
945    ^p300^l0^i21668
945    ^p300^l0^i21669
945    ^p300^l0^i21670
945    ^p300^l0^i21671
945    ^p300^l0^i21672
945    ^p300^l0^i21673
945    ^p300^l0^i21674
945    ^p300^l0^i21675
995    ^aทศพร
999    ^aทศพร เกษรทอง
รายการนี้ยังไม่มีแท็ก
คุณยังไม่ได้ล็อกอิน คุณสามารถมีกิจกรรมร่วมกับเว็บไซต์ได้ แต่ต้องล็อกอินก่อน ::
  ล็อกอิน

รายการสื่อสารสนเทศ

ลำดับที่ ประเภท เลขเรียก/บาร์โค้ด สถานที่ สถานะ
1. Book การพยาบาล
หนังสือสำรอง
สถานะ=หนังสือสำรอง
WY100 ว585ค ล.2 ฉ.1 
  Barcode: 21666
ห้องสมุดวิทยาเขตนครสวรรค์
►ส่วนจัดเก็บหนังสือเก่า นว.
บนชั้น
  ขอยืม
2. Book การพยาบาล
Book การพยาบาล
WY100 ว585ค ล.2 ฉ.10 
  Barcode: 21675
ห้องสมุดวิทยาเขตนครสวรรค์
►ส่วนจัดเก็บหนังสือเก่า นว.
บนชั้น
  ขอยืม
3. Book การพยาบาล
Book การพยาบาล
WY100 ว585ค ล.2 ฉ.2 
  Barcode: 21667
ห้องสมุดวิทยาเขตนครสวรรค์
►ส่วนจัดเก็บหนังสือเก่า นว.
บนชั้น
  ขอยืม
4. Book การพยาบาล
Book การพยาบาล
WY100 ว585ค ล.2 ฉ.3 
  Barcode: 21668
ห้องสมุดวิทยาเขตนครสวรรค์
►ส่วนจัดเก็บหนังสือเก่า นว.
บนชั้น
  ขอยืม
5. Book การพยาบาล
Book การพยาบาล
สถานะ=หนังสือเก่า
WY100 ว585ค ล.2 ฉ.4 
  Barcode: 21669
ห้องสมุดวิทยาเขตนครสวรรค์
►ส่วนจัดเก็บหนังสือเก่า นว.
บนชั้น
  ขอยืม
6. Book การพยาบาล
Book การพยาบาล
สถานะ=หนังสือเก่า
WY100 ว585ค ล.2 ฉ.5 
  Barcode: 21670
ห้องสมุดวิทยาเขตนครสวรรค์
►ส่วนจัดเก็บหนังสือเก่า นว.
บนชั้น
  ขอยืม
7. Book การพยาบาล
Book การพยาบาล
สถานะ=หนังสือเก่า
WY100 ว585ค ล.2 ฉ.6 
  Barcode: 21671
ห้องสมุดวิทยาเขตนครสวรรค์
►ส่วนจัดเก็บหนังสือเก่า นว.
บนชั้น
  ขอยืม
8. Book การพยาบาล
Book การพยาบาล
สถานะ=หนังสือเก่า
WY100 ว585ค ล.2 ฉ.7 
  Barcode: 21672
ห้องสมุดวิทยาเขตนครสวรรค์
►ส่วนจัดเก็บหนังสือเก่า นว.
บนชั้น
  ขอยืม
9. Book การพยาบาล
Book การพยาบาล
WY100 ว585ค ล.2 ฉ.8 
  Barcode: 21673
ห้องสมุดวิทยาเขตนครสวรรค์
►ส่วนจัดเก็บหนังสือเก่า นว.
บนชั้น
  ขอยืม

รายการใกล้เคียง
    หัวเรื่อง [การพยาบาล]
    หัวเรื่อง [การวางแผนการพยาบาล]

BibComment


ยังไม่เคยถูกคอมเมนท์

คอมเมนท์ทรัพยากรรายการนี้
  คอมเมนท์: คู่มือการวางแผนก..


 Copyright 2026. Bcnsprnw @Library